[Event "Bayern-chTT (RL Sued-Ost)"]
[Site "Bayern 2008/09"]
[Date "2008.12.14"]
[Round "4.3"]
[White "Absmaier, Friedrich sr(63)"]
[Black "Hauschild, Helmut"]
[Result "1/2-1/2"]
[WhiteElo "2125"]
[BlackElo "2109"]
[PlyCount "38"]
[EventDate "2009.03.??"]
[EventType "team-tourn"]
[EventRounds "9"]
[WhiteTeam "Starnberg 1"]
[BlackTeam "Waldkraiburg 1"]

1. e4 c6 2. d4 d5 3. exd5 cxd5 4. c4 Nf6 5. Nc3 g6 6. Qb3 Bg7 7. cxd5 O-O 8.
Be2 Nbd7 9. Bf3 Nb6 10. Nge2 Bg4 11. Bxg4 Nxg4 12. O-O Nf6 13. a4 a5 14. Nf4
Qd6 15. Nb5 Qd7 16. d6 exd6 17. d5 Ne4 18. Nc3 Nxc3 19. bxc3 Qc7 1/2-1/2

[Event "Bayern-chTT (RL Sued-Ost)"]
[Site "Bayern 2008/09"]
[Date "2008.12.14"]
[Round "4.4"]
[White "Loew, Peter"]
[Black "Gschwendtner, Klaus"]
[Result "1-0"]
[WhiteElo "2039"]
[BlackElo "2090"]
[PlyCount "85"]
[EventDate "2009.03.??"]
[EventType "team-tourn"]
[EventRounds "9"]
[WhiteTeam "Waldkraiburg 1"]
[BlackTeam "Starnberg 1"]

1. e4 e5 2. Nf3 Nc6 3. Bb5 a6 4. Ba4 Nf6 5. Qe2 b5 6. Bb3 Bc5 7. c3 d6 8. O-O
O-O 9. Rd1 Qe7 10. h3 Bb6 11. d3 h6 12. Nbd2 Nh5 13. Nf1 Qf6 14. N3h2 Qg6 15.
Kh1 Be6 16. g4 Nf6 17. Ng3 Nh7 18. Bc2 Qf6 19. Kg2 Ne7 20. Nh5 Qh4 21. Nf3 Bxg4
22. hxg4 Qxg4+ 23. Ng3 f5 24. Bb3+ Kh8 25. Be6 Qg6 26. Bxf5 Rxf5 27. exf5 Nxf5
28. Rh1 Rf8 29. Bd2 Nf6 30. Nh4 Nxh4+ 31. Rxh4 Nd5 32. Rg4 Qf7 33. Ne4 Nf4+ 34.
Bxf4 exf4 35. Qf3 d5 36. Nd2 c6 37. Rh1 Bd8 38. Qh3 d4 39. Nf3 dxc3 40. bxc3
Bb6 41. Qh5 Qxh5 42. Rxh5 Kh7 43. Rhh4 1-0

[Event "Bayern-chTT (RL Sued-Ost)"]
[Site "Bayern 2008/09"]
[Date "2008.12.14"]
[Round "4.5"]
[White "Rulik, Oliver"]
[Black "Guenes, Erdogan"]
[Result "1-0"]
[WhiteElo "1941"]
[BlackElo "1970"]
[PlyCount "69"]
[EventDate "2009.03.??"]
[EventType "team-tourn"]
[EventRounds "9"]
[WhiteTeam "Starnberg 1"]
[BlackTeam "Waldkraiburg 1"]

1. e4 c5 2. Nf3 d6 3. Bb5+ Bd7 4. Bxd7+ Qxd7 5. O-O Nc6 6. c3 g6 7. d4 cxd4 8.
cxd4 Bg7 9. Nc3 Nf6 10. Bf4 Nh5 11. Be3 O-O 12. Qd2 f5 13. Bh6 fxe4 14. Nxe4
Rxf3 15. Bxg7 Rf4 16. d5 Nd8 17. Ng3 Nxg3 18. hxg3 Rf7 19. Bc3 e5 20. dxe6 Nxe6
21. Rfe1 Re8 22. Rad1 Rd8 23. Qd5 Ng7 24. Qd4 b6 25. Re2 d5 26. Rde1 h5 27. Qb4
Nf5 28. Re6 Kh7 29. g4 Ng7 30. Re7 a5 31. Qa3 Rxe7 32. Rxe7 d4 33. Rxd7 Rxd7
34. Qa4 Rd5 35. Qc4 1-0

[Event "Bayern-chTT (RL Sued-Ost)"]
[Site "Bayern 2008/09"]
[Date "2008.12.14"]
[Round "4.6"]
[White "Hauschild, Rudolf jr(55)"]
[Black "Von Schmaedel, Clemens"]
[Result "1/2-1/2"]
[WhiteElo "1812"]
[BlackElo "1905"]
[PlyCount "30"]
[EventDate "2009.03.??"]
[EventType "team-tourn"]
[EventRounds "9"]
[WhiteTeam "Waldkraiburg 1"]
[BlackTeam "Starnberg 1"]

1. e4 e5 2. d4 exd4 3. c3 d5 4. exd5 Qxd5 5. Qxd4 Nf6 6. Qxd5 Nxd5 7. Nf3 Bd6
8. Bc4 Nb6 9. Bb3 O-O 10. O-O Bg4 11. Ng5 N8d7 12. Ne4 Be7 13. Bf4 Rac8 14. Re1
Nc5 15. Nxc5 Bxc5 1/2-1/2

[Event "Bayern-chTT (RL Sued-Ost)"]
[Site "Bayern 2008/09"]
[Date "2008.12.14"]
[Round "4.7"]
[White "Winkler, Stefan(58)"]
[Black "Mertz, Waldemar"]
[Result "0-1"]
[WhiteElo "1872"]
[BlackElo "1872"]
[PlyCount "94"]
[EventDate "2009.03.??"]
[EventType "team-tourn"]
[EventRounds "9"]
[WhiteTeam "Starnberg 1"]
[BlackTeam "Waldkraiburg 1"]

1. e4 e5 2. Nf3 Nf6 3. Nxe5 d6 4. Nf3 Nxe4 5. Nc3 Nf6 6. d4 Be7 7. Be3 Bg4 8.
Qd2 Nbd7 9. Bd3 d5 10. Ne5 Bh5 11. h3 c6 12. f4 Ne4 13. Nxe4 dxe4 14. Bxe4 Bh4+
15. Bf2 Bxf2+ 16. Qxf2 f6 17. Qh4 Bf7 18. Nxf7 Kxf7 19. O-O-O Qa5 20. Kb1 Nb6
21. Rd3 Nc4 22. Rhd1 Qb4 23. Rb3 Qe7 24. Bd3 Nd6 25. Re1 Qd7 26. c4 g6 27. c5
Nb5 28. Bc4+ Kg7 29. d5 Rhe8 30. a4 Nd4 31. Rd3 Qf5 32. Qf2 Rxe1+ 33. Qxe1 cxd5
34. g4 Qxf4 35. Qe7+ Kh6 36. Rxd4 Qxd4 37. Bb5 Qe4+ 38. Qxe4 dxe4 39. Kc2 Rd8
40. b4 f5 41. Be2 Kg5 42. Kc3 f4 43. b5 f3 44. Bf1 e3 45. c6 bxc6 46. bxc6 e2
47. c7 e1=Q+ 0-1

[Event "Bayern-chTT (RL Sued-Ost)"]
[Site "Bayern 2008/09"]
[Date "2008.12.14"]
[Round "4.8"]
[White "Hecker, Peter(60)"]
[Black "Kraft, Dieter Dr(36)"]
[Result "1-0"]
[WhiteElo "1807"]
[BlackElo "1783"]
[PlyCount "79"]
[EventDate "2009.03.??"]
[EventType "team-tourn"]
[EventRounds "9"]
[WhiteTeam "Waldkraiburg 1"]
[BlackTeam "Starnberg 1"]

1. d4 Nf6 2. c4 g6 3. Nc3 Bg7 4. e4 d6 5. Nf3 O-O 6. Be2 e5 7. d5 Nbd7 8. O-O
Nh5 9. g3 f5 10. Nh4 Nf4 11. Bf3 Nc5 12. exf5 gxf5 13. Bxf4 exf4 14. Ng2 fxg3
15. fxg3 Be5 16. Qd2 Bd7 17. Rae1 Qf6 18. Bd1 Rae8 19. Kh1 Qg7 20. Nf4 Kh8 21.
Nh5 Qg6 22. b4 Ne4 23. Nxe4 fxe4 24. Qe3 b6 25. Nf4 Qg7 26. Bh5 Re7 27. Qxe4
Bf6 28. Qd3 Rxe1 29. Rxe1 Be5 30. Ne6 Bxe6 31. dxe6 Qf6 32. Bf7 Rxf7 33. exf7
Qxf7 34. Rf1 Qe6 35. Qf3 Qe7 36. Qf8+ Qxf8 37. Rxf8+ Kg7 38. Rc8 Kf6 39. Rxc7
d5 40. Rc6+ 1-0

[Event "Bayern-chTT (RL Sued-Ost)"]
[Site "Bayern 2008/09"]
[Date "2008.12.14"]
[Round "4.1"]
[White "Zenker, Ulrich"]
[Black "Zill, Christoph"]
[Result "1-0"]
[WhiteElo "2163"]
[BlackElo "2157"]
[PlyCount "69"]
[EventDate "2009.03.??"]
[EventType "team-tourn"]
[EventRounds "9"]
[WhiteTeam "Ebersberg 1"]
[BlackTeam "Freising 1"]

1. e4 e6 2. d4 d5 3. e5 c5 4. c3 Nc6 5. Nf3 Qb6 6. Be2 Nh6 7. Bxh6 gxh6 8. Qd2
Bg7 9. O-O O-O 10. Na3 cxd4 11. cxd4 f6 12. exf6 Rxf6 13. Nc2 a5 14. Rab1 Bd7
15. b4 axb4 16. Nxb4 Qa5 17. Rfe1 Nxb4 18. Rxb4 Bc6 19. Ne5 Qxa2 20. Rb2 Qa5
21. Qxa5 Rxa5 22. Bg4 Ra4 23. g3 Rxd4 24. f4 Bf8 25. Nxc6 bxc6 26. Bxe6+ Kg7
27. Rb7+ Kg6 28. Kg2 Re4 29. f5+ Kg5 30. Rxe4 dxe4 31. Rxh7 e3 32. h4+ Kg4 33.
Rh8 c5 34. Rg8+ Kh5 35. Kh3 1-0

[Event "Bayern-chTT (RL Sued-Ost)"]
[Site "Bayern 2008/09"]
[Date "2008.12.14"]
[Round "4.3"]
[White "Schweiger, Georg"]
[Black "Bauer, Robert(67)"]
[Result "1-0"]
[WhiteElo "2059"]
[BlackElo "2060"]
[PlyCount "93"]
[EventDate "2009.03.??"]
[EventType "team-tourn"]
[EventRounds "9"]
[WhiteTeam "Ebersberg 1"]
[BlackTeam "Freising 1"]

1. d4 Nf6 2. Nc3 d5 3. Bg5 c5 4. Bxf6 gxf6 5. e3 Nc6 6. Qh5 e6 7. O-O-O Bd7 8.
dxc5 Qa5 9. Bb5 a6 10. Ba4 Bxc5 11. Nge2 b5 12. Bb3 b4 13. Nb1 Qb6 14. e4 d4
15. Nd2 Na5 16. Nf4 Rc8 17. Kb1 Nxb3 18. axb3 Bb5 19. Qh6 d3 20. Nxd3 Be7 21.
Qg7 Rf8 22. Qxh7 a5 23. e5 a4 24. exf6 Bxf6 25. Ne4 Be7 26. bxa4 Bxa4 27. Rd2
Bc6 28. Ne5 Bd5 29. Rhd1 Ra8 30. c4 Qa6 31. Rxd5 exd5 32. Rxd5 b3 33. Kc1 Qa1+
34. Kd2 Qxb2+ 35. Ke3 Qa3 36. Qf5 b2+ 37. Kf4 Qa4 38. Rb5 Qd1 39. Rd5 Qa4 40.
Rb5 Qa7 41. Rxb2 Rd8 42. g4 Qa6 43. g5 Qe6 44. h4 Qa6 45. Rb8 Qa7 46. Rxd8+
Bxd8 47. Nd6+ 1-0

[Event "Bayern-chTT (RL Sued-Ost)"]
[Site "Bayern 2008/09"]
[Date "2008.12.14"]
[Round "4.4"]
[White "Trapp, Maximilian"]
[Black "Krause, Christian(42)"]
[Result "1-0"]
[WhiteElo "2078"]
[BlackElo "1965"]
[PlyCount "47"]
[EventDate "2009.03.??"]
[EventType "team-tourn"]
[EventRounds "9"]
[WhiteTeam "Freising 1"]
[BlackTeam "Ebersberg 1"]

1. d4 g6 2. Nf3 d6 3. g3 Bg7 4. Bg2 c6 5. O-O e5 6. dxe5 dxe5 7. Ng5 Qxd1 8.
Rxd1 f5 9. Na3 Nh6 10. Nc4 Nf7 11. e4 h6 12. Nxf7 Kxf7 13. Nd6+ Kf6 14. Nxc8
Rxc8 15. Rd6+ Kf7 16. exf5 gxf5 17. Bh3 Rh8 18. Bxf5 Bf6 19. Be3 h5 20. h4 Rd8
21. Rad1 Na6 22. Rd7+ Be7 23. Rxe7+ Kxe7 24. Bg5+ 1-0

[Event "Bayern-chTT (RL Sued-Ost)"]
[Site "Bayern 2008/09"]
[Date "2008.12.14"]
[Round "4.5"]
[White "Gil, Arthur"]
[Black "Dost, Andreas"]
[Result "0-1"]
[WhiteElo "1984"]
[BlackElo "2012"]
[PlyCount "60"]
[EventDate "2009.03.??"]
[EventType "team-tourn"]
[EventRounds "9"]
[WhiteTeam "Ebersberg 1"]
[BlackTeam "Freising 1"]

1. e4 c5 2. Nf3 d6 3. d4 cxd4 4. Nxd4 Nf6 5. Nc3 a6 6. a4 e5 7. Nb3 Be6 8. Bg5
Be7 9. Bxf6 Bxf6 10. Nd5 Nd7 11. Qd2 Rc8 12. Rd1 Bg5 13. Qb4 Rxc2 14. Qxb7 O-O
15. Qxa6 Rxb2 16. Bc4 Qb8 17. Qb5 Qa7 18. O-O Nc5 19. Qa5 Qxa5 20. Nxa5 Nxa4
21. g3 Bh3 22. Rfe1 Bd2 23. Rxd2 Rxd2 24. f4 Nc5 25. Nc6 Rg2+ 26. Kh1 Rc2 27.
Nde7+ Kh8 28. Bd5 exf4 29. gxf4 Nd3 30. Ra1 Rg2 0-1

[Event "Bayern-chTT (RL Sued-Ost)"]
[Site "Bayern 2008/09"]
[Date "2008.12.14"]
[Round "4.6"]
[White "Lanzinner, Denis"]
[Black "Kramer, Melik Kurt"]
[Result "1/2-1/2"]
[WhiteElo "1971"]
[BlackElo "1955"]
[PlyCount "28"]
[EventDate "2009.03.??"]
[EventType "team-tourn"]
[EventRounds "9"]
[WhiteTeam "Freising 1"]
[BlackTeam "Ebersberg 1"]

1. e4 d5 2. exd5 Qxd5 3. Nc3 Qd6 4. d4 a6 5. g3 Nf6 6. Bf4 Qd8 7. Bg2 e6 8. Nf3
Be7 9. Qe2 c6 10. O-O-O Nd5 11. Bd2 Nd7 12. Ne5 N7f6 13. f4 Nxc3 14. Bxc3 O-O
1/2-1/2

[Event "Bayern-chTT (RL Sued-Ost)"]
[Site "Bayern 2008/09"]
[Date "2008.12.14"]
[Round "4.7"]
[White "Hartmann, Karl-Heinz(49)"]
[Black "Benischek, Wolfgang"]
[Result "0-1"]
[WhiteElo "1792"]
[BlackElo "1953"]
[PlyCount "82"]
[EventDate "2009.03.??"]
[EventType "team-tourn"]
[EventRounds "9"]
[WhiteTeam "Ebersberg 1"]
[BlackTeam "Freising 1"]

1. e4 d6 2. d4 Nf6 3. Nc3 g6 4. f4 Bg7 5. Nf3 c5 6. e5 dxe5 7. dxe5 Qxd1+ 8.
Nxd1 Nd5 9. c4 Nb4 10. Ne3 N8c6 11. a3 Na6 12. Bd2 O-O 13. h4 Rd8 14. h5 Be6
15. hxg6 hxg6 16. Ng5 Nc7 17. Nxe6 Nxe6 18. g3 Ned4 19. Bc3 Nf3+ 20. Ke2 Nfd4+
21. Kf2 Rd7 22. Bh3 e6 23. Ng4 Nb3 24. Rad1 Rad8 25. Rxd7 Rxd7 26. Ke3 Ncd4 27.
Nf2 Nc2+ 28. Ke2 Ncd4+ 29. Bxd4 Rxd4 30. Bg2 Rxc4 31. Kd3 b5 32. Bc6 a6 33. Ne4
Na5 34. Be8 Kf8 35. Rh7 Rd4+ 36. Ke3 Nc4+ 37. Kf3 Nd2+ 38. Ke3 Nxe4 39. b4 Nxg3
40. bxc5 Nf5+ 41. Kf3 Kxe8 0-1

[Event "Bayern-chTT (RL Sued-Ost)"]
[Site "Bayern 2008/09"]
[Date "2008.12.14"]
[Round "4.8"]
[White "Wolf, Dietrich Hans(36)"]
[Black "Kirsch, Sebastian"]
[Result "1-0"]
[WhiteElo "1938"]
[BlackElo "1827"]
[PlyCount "117"]
[EventDate "2009.03.??"]
[EventType "team-tourn"]
[EventRounds "9"]
[WhiteTeam "Freising 1"]
[BlackTeam "Ebersberg 1"]

1. Nf3 d5 2. d4 Nf6 3. c4 e6 4. Bg5 Be7 5. Nc3 c6 6. e3 O-O 7. Qc2 Nbd7 8. Rc1
Re8 9. b3 Qa5 10. Nd2 Ba3 11. Rd1 Bb4 12. Bxf6 Bxc3 13. Bh4 e5 14. dxe5 d4 15.
exd4 Nxe5 16. Be2 Ng6 17. Bg3 Bf5 18. b4 Bxb4 19. Qb3 Re7 20. a3 Bc3 21. Bd6
Rae8 22. Bxe7 Rxe7 23. O-O Bxd2 24. Bd3 Bxd3 25. Qxd3 Bg5 26. g3 Bf6 27. h4 h6
28. Qf3 Nf8 29. d5 Ng6 30. dxc6 Ne5 31. Qd5 Nxc6 32. Rd3 Qc7 33. Rfd1 Ne5 34.
Qd8+ Qxd8 35. Rxd8+ Kh7 36. Rc8 Nc6 37. Kf1 Bd4 38. Rxc6 bxc6 39. Rxd4 Rc7 40.
c5 Kg6 41. g4 f6 42. Ke2 Re7+ 43. Kd3 Re1 44. Rd6 Ra1 45. Rxc6 Rxa3+ 46. Kd4
Ra4+ 47. Kd5 Rxg4 48. Ra6 Rxh4 49. c6 Rh5+ 50. Kd6 Re5 51. c7 Re8 52. Kd7 Ra8
53. c8=Q Rxc8 54. Kxc8 Kg5 55. Rxa7 g6 56. Kd7 f5 57. Ke6 Kg4 58. Rh7 Kh5 59.
f4 1-0

[Event "Bayern-chTT (RL Sued-Ost)"]
[Site "Bayern 2008/09"]
[Date "2008.12.14"]
[Round "4.1"]
[White "Nurbekoglu, Michael"]
[Black "Lammers, Markus"]
[Result "0-1"]
[WhiteElo "2038"]
[BlackElo "2244"]
[PlyCount "44"]
[EventDate "2009.03.??"]
[EventType "team-tourn"]
[EventRounds "9"]
[WhiteTeam "Landshut 1"]
[BlackTeam "Ilmmünster 1"]

1. Nf3 c5 2. c4 Nf6 3. Nc3 Nc6 4. d4 cxd4 5. Nxd4 e6 6. Ndb5 Bb4 7. a3 Bxc3+ 8.
Nxc3 d5 9. e3 O-O 10. Be2 d4 11. exd4 Nxd4 12. Bg5 h6 13. Bh4 e5 14. O-O Bf5
15. Rc1 Re8 16. Bxf6 Qxf6 17. Nd5 Qd6 18. Ne3 Be4 19. f3 Bg6 20. c5 Qd8 21. Nc4
Nxe2+ 22. Qxe2 Bd3 0-1

[Event "Bayern-chTT (RL Sued-Ost)"]
[Site "Bayern 2008/09"]
[Date "2008.12.14"]
[Round "4.2"]
[White "Loder, Wilhelm"]
[Black "Schmaus, Horst(56)"]
[Result "1/2-1/2"]
[WhiteElo "2096"]
[BlackElo "2033"]
[PlyCount "43"]
[EventDate "2009.03.??"]
[EventType "team-tourn"]
[EventRounds "9"]
[WhiteTeam "Ilmmünster 1"]
[BlackTeam "Landshut 1"]

1. e4 c5 2. Nf3 e6 3. d4 cxd4 4. Nxd4 Nf6 5. Nc3 d6 6. Be2 Nc6 7. Be3 Be7 8.
O-O O-O 9. f4 e5 10. Nb3 exf4 11. Rxf4 Ne8 12. Nd5 Bg5 13. Rf2 Be6 14. Qd2 Bxe3
15. Qxe3 Ne5 16. Rd1 Qd7 17. h3 Bxd5 18. Rxd5 a6 19. Bf1 Qa4 20. Ra5 Qc6 21.
Rd5 Qa4 22. Ra5 1/2-1/2

[Event "Bayern-chTT (RL Sued-Ost)"]
[Site "Bayern 2008/09"]
[Date "2008.12.14"]
[Round "4.3"]
[White "Schmidt, Wolfgang(12.62)"]
[Black "Seisenberger, Georg"]
[Result "1-0"]
[WhiteElo "2276"]
[BlackElo "2051"]
[PlyCount "73"]
[EventDate "2009.03.??"]
[EventType "team-tourn"]
[EventRounds "9"]
[WhiteTeam "Landshut 1"]
[BlackTeam "Ilmmünster 1"]

1. e4 c5 2. d4 cxd4 3. c3 dxc3 4. Nxc3 e6 5. Nf3 Nc6 6. Bc4 a6 7. O-O Nge7 8.
Bg5 f6 9. Be3 b5 10. Bb3 Na5 11. Nd4 Nec6 12. Nxc6 Nxc6 13. f4 Na5 14. f5 Be7
15. Qh5+ Kf8 16. e5 Nxb3 17. axb3 d5 18. exf6 Bxf6 19. Rad1 Bd7 20. fxe6 Bxe6
21. Nxd5 Bxd5 22. Rxd5 Qe8 23. Qh3 Qe4 24. Rd4 Qe5 25. Rf5 Qe6 26. Rxf6+ Qxf6
27. Rf4 Ke7 28. Bc5+ Kf7 29. Qh5+ Ke6 30. Rxf6+ gxf6 31. b4 Rad8 32. h3 Rd5 33.
Qg4+ Kf7 34. Qe4 Rdd8 35. Qb7+ Kg6 36. Qxa6 Rb8 37. Be7 1-0

[Event "Bayern-chTT (RL Sued-Ost)"]
[Site "Bayern 2008/09"]
[Date "2008.12.14"]
[Round "4.4"]
[White "Reischl, Markus"]
[Black "Wist, Alexander"]
[Result "1/2-1/2"]
[WhiteElo "2058"]
[BlackElo "2079"]
[PlyCount "48"]
[EventDate "2009.03.??"]
[EventType "team-tourn"]
[EventRounds "9"]
[WhiteTeam "Ilmmünster 1"]
[BlackTeam "Landshut 1"]

1. d4 Nf6 2. c4 e6 3. Nf3 b6 4. g3 Bb7 5. Bg2 Be7 6. Nc3 Ne4 7. Bd2 O-O 8. d5
Nxc3 9. Bxc3 Bf6 10. Bxf6 Qxf6 11. Qd4 Qxd4 12. Nxd4 a5 13. O-O e5 14. Nb5 Na6
15. b3 d6 16. Bh3 f5 17. f4 Rae8 18. e4 exf4 19. Rxf4 Rxe4 20. Rxe4 fxe4 21.
Re1 Bc8 22. Bxc8 Rxc8 23. Rxe4 Kf7 24. Kf2 Nc5 1/2-1/2

[Event "Bayern-chTT (RL Sued-Ost)"]
[Site "Bayern 2008/09"]
[Date "2008.12.14"]
[Round "4.5"]
[White "Neubauer, Andreas(78)"]
[Black "Kampert, Andreas"]
[Result "1-0"]
[WhiteElo "2056"]
[BlackElo "2057"]
[PlyCount "119"]
[EventDate "2009.03.??"]
[EventType "team-tourn"]
[EventRounds "9"]
[WhiteTeam "Landshut 1"]
[BlackTeam "Ilmmünster 1"]

1. Nf3 Nf6 2. d4 g6 3. c4 Bg7 4. Nc3 O-O 5. e4 d6 6. Be2 e5 7. O-O Nc6 8. d5
Ne7 9. a3 h6 10. Bd2 Ne8 11. Qc2 f5 12. b4 Nf6 13. Bd3 f4 14. c5 a6 15. cxd6
cxd6 16. b5 g5 17. Rac1 Ng6 18. bxa6 bxa6 19. Na2 g4 20. Ne1 Rf7 21. g3 Nh7 22.
Nb4 Ng5 23. Nc6 Nh3+ 24. Kg2 Qg5 25. Ba5 Bb7 26. Bb6 h5 27. Qb2 h4 28. Rc2 Qh5
29. Rh1 Qg5 30. Bc4 Kh8 31. Qb4 Bf8 32. a4 Qf6 33. Qc3 Ng5 34. Bd3 h3+ 35. Kg1
Bh6 36. Qb4 Bf8 37. Be2 f3 38. Bd3 Ne7 39. Nd8 Bc8 40. Nxf7+ Nxf7 41. Rc7 Qg6
42. Nc2 Nxd5 43. exd5 Qxd3 44. Ne3 Bh6 45. Qe1 Bxe3 46. Bxe3 Qxd5 47. Qd2 Qxd2
48. Bxd2 Rb8 49. Kf1 Bf5 50. Ke1 Kg8 51. Kd1 Rb1+ 52. Rc1 Rb2 53. Rc6 Bd3 54.
Re1 Ra2 55. a5 d5 56. Re3 Bb5 57. Rg6+ Kf8 58. Rc3 Nd8 59. Rc7 Nf7 60. Bb4+ 1-0

[Event "Bayern-chTT (RL Sued-Ost)"]
[Site "Bayern 2008/09"]
[Date "2008.12.14"]
[Round "4.6"]
[White "Niedermeier, Thomas(90)"]
[Black "Schubert, Josef(59)"]
[Result "1/2-1/2"]
[WhiteElo "2003"]
[BlackElo "1932"]
[PlyCount "37"]
[EventDate "2009.03.??"]
[EventType "team-tourn"]
[EventRounds "9"]
[WhiteTeam "Ilmmünster 1"]
[BlackTeam "Landshut 1"]

1. e4 c5 2. Nf3 Nc6 3. d4 cxd4 4. Nxd4 e5 5. Nb5 a6 6. Nd6+ Bxd6 7. Qxd6 Qf6 8.
Qd2 Qg6 9. f3 Nge7 10. Bd3 O-O 11. Nc3 Nb4 12. O-O d5 13. Qg5 Qxg5 14. Bxg5 f6
15. Bd2 Nxd3 16. cxd3 Rd8 17. Rfd1 Be6 18. Be1 Rac8 19. exd5 1/2-1/2

[Event "Bayern-chTT (RL Sued-Ost)"]
[Site "Bayern 2008/09"]
[Date "2008.12.14"]
[Round "4.7"]
[White "Siebert, Joachim"]
[Black "Schwertler, Philipp"]
[Result "1-0"]
[WhiteElo "1899"]
[BlackElo "1932"]
[PlyCount "89"]
[EventDate "2009.03.??"]
[EventType "team-tourn"]
[EventRounds "9"]
[WhiteTeam "Landshut 1"]
[BlackTeam "Ilmmünster 1"]

1. d4 f5 2. g3 Nf6 3. Bg2 g6 4. Nf3 Bg7 5. O-O d6 6. c4 O-O 7. Nc3 a5 8. b3 Na6
9. Bb2 Rb8 10. Re1 c6 11. Ng5 e5 12. dxe5 dxe5 13. e4 Qe7 14. Qe2 Nh5 15. Nh3
f4 16. g4 Nf6 17. f3 Be6 18. Na4 Nd7 19. Qd2 b5 20. cxb5 cxb5 21. Nc3 Rfd8 22.
Qe2 Nb4 23. Nf2 Qc5 24. Rac1 Qb6 25. a3 Nc6 26. Nd5 Bxd5 27. exd5 Nd4 28. Bxd4
Qxd4 29. Red1 Qa7 30. Kh1 b4 31. a4 Rbc8 32. Ne4 Nf6 33. Rxc8 Rxc8 34. Nd6 Rf8
35. Qxe5 Kh8 36. Qe6 Qc7 37. Nc4 Re8 38. Qc6 Qd7 39. Nb6 Qe7 40. d6 Qe2 41. Qc1
Rd8 42. d7 Ng8 43. Re1 Qf2 44. Re8 Qxb6 45. Qc4 1-0

[Event "Bayern-chTT (RL Sued-Ost)"]
[Site "Bayern 2008/09"]
[Date "2008.12.14"]
[Round "4.8"]
[White "Baier, Herbert(65)"]
[Black "Kunz, Heinz(65)"]
[Result "1/2-1/2"]
[WhiteElo "1999"]
[BlackElo "1856"]
[PlyCount "103"]
[EventDate "2009.03.??"]
[EventType "team-tourn"]
[EventRounds "9"]
[WhiteTeam "Ilmmünster 1"]
[BlackTeam "Landshut 1"]

1. e4 d5 2. exd5 Qxd5 3. Nc3 Qa5 4. d4 Nf6 5. Nf3 Bg4 6. h3 Bh5 7. Bd2 e6 8.
Bc4 Bb4 9. g4 Bg6 10. Ne5 Nc6 11. Nxc6 bxc6 12. a3 Bxc3 13. Bxc3 Qb6 14. Bd3
Ne4 15. Bxe4 Bxe4 16. f3 Bd5 17. Qe2 O-O-O 18. O-O-O Qb5 19. Qe3 a5 20. Rhf1 a4
21. Rf2 Rd7 22. Bb4 Qc4 23. Qd3 Qxd3 24. Rxd3 Bc4 25. Rdd2 Rhd8 26. Bc3 Rd5 27.
f4 g6 28. h4 h5 29. g5 R5d7 30. Rf3 Rd5 31. Re3 R8d7 32. Re5 Rd8 33. Rd1 R8d7
34. Rde1 Rd8 35. Rxd5 Rxd5 36. Re5 Rxe5 37. fxe5 Kb7 38. Bb4 Kb6 39. Kd2 Kb5
40. Be7 Bd5 41. Kc3 Kb6 42. Kb4 Be4 43. Kxa4 Bxc2+ 44. Kb4 Bd3 45. Bc5+ Ka6 46.
a4 Be2 47. Be7 Kb6 48. Bd8 Bf1 49. a5+ Kb7 50. Kc5 Be2 51. b4 Bf1 52. Bf6
1/2-1/2

[Event "Bayern-chTT (RL Sued-Ost)"]
[Site "Bayern 2008/09"]
[Date "2008.12.14"]
[Round "4.1"]
[White "Anka, Emil"]
[Black "Riedel, Wolfgang(52)"]
[Result "1/2-1/2"]
[WhiteElo "2365"]
[BlackElo "2209"]
[PlyCount "134"]
[EventDate "2009.03.??"]
[EventType "team-tourn"]
[EventRounds "9"]
[WhiteTeam "Trostberg 1"]
[BlackTeam "Gräfelfing 1"]

1. e4 e5 2. Nf3 Nc6 3. Bc4 Bc5 4. c3 Nf6 5. d3 d6 6. Nbd2 O-O 7. b4 Bb6 8. a4
a6 9. Bb3 Ne7 10. Nc4 Ba7 11. Be3 Bxe3 12. fxe3 Ng6 13. O-O h6 14. h3 Qe7 15.
Ra2 Be6 16. Raf2 Rad8 17. Qb1 Kh8 18. Na5 Rb8 19. Bxe6 Qxe6 20. c4 Qd7 21. b5
axb5 22. axb5 Ra8 23. Ra2 Ra7 24. Qb2 Rfa8 25. Rfa1 Qe8 26. Ne1 Nd7 27. Nb3
Rxa2 28. Rxa2 Nc5 29. Rxa8 Qxa8 30. Nxc5 dxc5 31. Nf3 Qd8 32. Nxe5 Nxe5 33.
Qxe5 Qxd3 34. Qxc5 Qxe4 35. Qxc7 Qxe3+ 36. Kh2 Kh7 37. Qxf7 Qe5+ 38. Kg1 Qd4+
39. Kf1 b6 40. Qf5+ Kh8 41. Qd5 Qf4+ 42. Ke2 Qf6 43. Ke3 Qc3+ 44. Ke4 Qe1+ 45.
Kf5 Qe8 46. Qc6 Qe3 47. Qa8+ Kh7 48. Qe4 g6+ 49. Ke5 Qg5+ 50. Ke6 h5 51. Kf7
Qg3 52. Qc6 Qf2+ 53. Ke7 g5 54. Kd6 Kg7 55. Kc7 g4 56. hxg4 hxg4 57. Qe4 g3 58.
Qc6 Kh7 59. Kb7 Kg7 60. Ka7 Kh7 61. Qb7+ Kg8 62. Qd5+ Kg7 63. c5 bxc5 64. b6 c4
65. Qxc4 Qxg2 66. b7 Qf2+ 67. Ka8 Qf3 1/2-1/2

[Event "Bayern-chTT (RL Sued-Ost)"]
[Site "Bayern 2008/09"]
[Date "2008.12.14"]
[Round "4.2"]
[White "Gesing, Oliver"]
[Black "Huch, Reiner"]
[Result "0-1"]
[WhiteElo "2079"]
[BlackElo "2251"]
[PlyCount "74"]
[EventDate "2009.03.??"]
[EventType "team-tourn"]
[EventRounds "9"]
[WhiteTeam "Gräfelfing 1"]
[BlackTeam "Trostberg 1"]

1. e4 e6 2. d4 d5 3. Nc3 Nf6 4. Bg5 Bb4 5. e5 h6 6. Bd2 Bxc3 7. bxc3 Ne4 8. Qg4
Kf8 9. Bd3 Bd7 10. h4 Nc6 11. Bxe4 dxe4 12. Ne2 Ne7 13. Ng3 Bc6 14. Nxe4 Qd5
15. f3 Ba4 16. Nc5 Bxc2 17. c4 Qxc4 18. Rc1 Rd8 19. Qf4 Kg8 20. Nb3 Nd5 21. Qe4
Nb4 22. Qe2 Nd3+ 23. Kf1 Nxc1 24. Qxc4 Bd3+ 25. Qxd3 Nxd3 26. Ke2 Nb2 27. Na5
Rxd4 28. Rb1 Nc4 29. Nxc4 Rxc4 30. Rxb7 Ra4 31. Rxc7 Rxa2 32. Ke3 g6 33. g4 Kg7
34. Bb4 Ra8 35. Be7 a5 36. Kd3 a4 37. Rc3 Rf2 0-1

[Event "Bayern-chTT (RL Sued-Ost)"]
[Site "Bayern 2008/09"]
[Date "2008.12.14"]
[Round "4.3"]
[White "Besner, Bernhard"]
[Black "Hofmann, Juergen(59)"]
[Result "0-1"]
[WhiteElo "2167"]
[BlackElo "2168"]
[PlyCount "70"]
[EventDate "2009.03.??"]
[EventType "team-tourn"]
[EventRounds "9"]
[WhiteTeam "Trostberg 1"]
[BlackTeam "Gräfelfing 1"]

1. e4 c5 2. c3 Nf6 3. e5 Nd5 4. d4 cxd4 5. Nf3 Nc6 6. Bc4 Nb6 7. Bb3 d6 8. exd6
Qxd6 9. O-O Na5 10. Bc2 Bg4 11. cxd4 Nc6 12. Nc3 e6 13. Nb5 Qd7 14. Bf4 Nd5 15.
Be3 Be7 16. Nc3 O-O 17. Rc1 Rfd8 18. h3 Bh5 19. Qe2 e5 20. g4 Nxc3 21. bxc3
Bxg4 22. hxg4 Qxg4+ 23. Kh1 e4 24. Ng1 Qh4+ 25. Kg2 Rd6 26. Rfd1 Rg6+ 27. Kf1
Qh1 28. Ke1 Qxg1+ 29. Kd2 Qg4 30. Qb5 Bg5 31. Bxg5 Rxg5 32. Qxb7 Qf4+ 33. Ke2
Rb8 34. Qxc6 Qf3+ 35. Kf1 Rh5 0-1

[Event "Bayern-chTT (RL Sued-Ost)"]
[Site "Bayern 2008/09"]
[Date "2008.12.14"]
[Round "4.4"]
[White "Luft, Martin"]
[Black "Moser, Wolfgang(48)"]
[Result "1/2-1/2"]
[WhiteElo "2109"]
[BlackElo "2063"]
[PlyCount "47"]
[EventDate "2009.03.??"]
[EventType "team-tourn"]
[EventRounds "9"]
[WhiteTeam "Gräfelfing 1"]
[BlackTeam "Trostberg 1"]

1. d4 d5 2. c4 e6 3. Nc3 Nf6 4. Bg5 Nbd7 5. cxd5 exd5 6. e3 c6 7. Bd3 Bd6 8.
Qc2 Qa5 9. Nge2 O-O 10. O-O Re8 11. a3 g6 12. Bf4 Bxf4 13. Nxf4 Qd8 14. b4 a6
15. a4 Nf8 16. b5 Bd7 17. bxc6 Bxc6 18. Qb3 Ne6 19. Nxe6 fxe6 20. Ne2 Qd6 21.
h3 Re7 22. Rfc1 Rc8 23. Nf4 Rec7 24. Qb1 1/2-1/2